[Event "Windsor NAYCC U16"]
[Site "Windsor"]
[Date "2016.08.10"]
[Round "6.43"]
[White "Thomson, Aaron William"]
[Black "Ramasamy, Vikram"]
[Result "0-1"]
[WhiteElo "1659"]
[BlackElo "2046"]
[PlyCount "48"]
[EventDate "2016.08.07"]
[EventType "swiss"]
[EventRounds "9"]
[EventCountry "CAN"]
[SourceTitle "EXT 2022"]
[Source "ChessBase"]
[SourceDate "2021.10.06"]
[SourceVersion "1"]
[SourceVersionDate "2021.10.06"]
[SourceQuality "1"]

1. e4 Nf6 2. e5 Nd5 3. c4 Nb6 4. c5 Nd5 5. d4 e6 6. Nc3 d6 7. cxd6 cxd6 8. Nxd5 exd5 9. f4 dxe5 10. fxe5 Qh4+ 11. Ke2 Nc6 12. Nf3 Bg4 13. Be3 Be7 14. g3 Bxf3+ 15. Kxf3 Qe4+ 16. Kf2 Qxh1 17. Qh5 Qe4 18. Rd1 Qg6 19. Qh3 Bg5 20. Bxg5 Qxg5 21. e6 0-0 22. Bd3 fxe6+ 23. Kg1 Qe3+ 24. Kh1 Qf3+ 0-1